| 000 | 00790naa a2200169 i 4500 | ||
|---|---|---|---|
| 001 | 9913 | ||
| 003 | KOSZ 005 | ||
| 005 | 20180411151121.0 | ||
| 008 | 180411s1981 pl f f |000 0 pol | ||
| 040 |
_cKOSZ 005/HR _aKOSZ 005/HR |
||
| 100 | 1 |
_aCHARUN, Henryk. _d1978-1982. _bWyższa Szkoła Inżynierska - Instytut Budowy Maszyn |
|
| 245 | 1 | 0 |
_aOznaczanie lepkości paliw i smarów / _cHenryk Charun, Jerzy Baran. |
| 650 | 0 | _aTermodynamika techniczna. | |
| 773 | 0 |
_iW : _tMateriały pomocnicze do ćwiczeń laboratoryjnych z podstaw techniki cieplnej / pod red. Mariana Czapp. - _dKoszalin : Wydaw. Uczelniane Wyższej Szkoły Inżynierskiej, 1981. - _gs. 315-345 |
|
| 700 |
_aBARAN, Jerzy. _d1978 - 1982. _bWyższa Szkoła Inżynierska - Instytut Budowy Maszyn |
||
| 942 |
_cROZ _2UKD |
||
| 999 |
_c9913 _d9913 |
||